Anglicko-nemecko-francúzsko-rusko-slovenský slovník
Salvato in:
| Natura: | Libro |
|---|---|
| Pubblicazione: |
Bratislava :
Alfa,
1985
|
| Edizione: | 2.vydanie |
| Tags: |
Nessun Tag, puoi essere il primo ad aggiungerne!!
|
MARC
| LEADER | 00000nam a22000003a 4500 | ||
|---|---|---|---|
| 001 | stu16239 | ||
| 005 | 20150408181623.6 | ||
| 008 | ------s1985----cs----------------------d | ||
| 040 | |a STU |b slo | ||
| 041 | 0 | ||
| 044 | |a cs | ||
| 080 | |a 801.316.4=20=854=82 | ||
| 245 | |a Anglicko-nemecko-francúzsko-rusko-slovenský slovník | ||
| 250 | |a 2.vydanie | ||
| 260 | |a Bratislava : |b Alfa, |c 1985 | ||
| 300 | |a 167 | ||
| 996 | |b C75015 |c C*75015 |l CCII |s P |a 0 |w stu16239_0001 | ||
| 996 | |b C75422 |c C*75422 |l CCIX |s P |a 0 |w stu16239_0002 | ||
| 996 | |b C85779 |c C*85779 |l CCX |s P |a 0 |w stu16239_0003 | ||